[Event "2025 Spring TNM: u1600"]
[Site "San Francisco"]
[Date "2025.04.08"]
[Round "6.34"]
[White "Lopez-Oneal, Owen Michael"]
[Black "Starr, Albert Martin"]
[Result "0-1"]
[WhiteElo "618"]
[BlackElo "1518"]
[PlyCount "68"]
[GameId "2165291851912544"]
[EventDate "2025.??.??"]

1. d4 b5 2. Bf4 Bb7 3. Nf3 e6 4. e3 a6 5. Nbd2 Nf6 6. Bd3 Be7 7. c3 O-O 8. Qc2 d6 9. e4 g6 10. e5 dxe5 11. Bxe5 Nbd7 12. Ne4 Nxe5 13. Nxe5 Bxe4 14. Bxe4 Nxe4 15. Qxe4 Qd5 16. Qg4 c5 17. f3 cxd4 18. Qxd4 Qxd4 19. cxd4 Rac8 20. a3 Rc2 21. Rg1 Rxb2 22. a4 b4 23. Nc4 Rb3 24. Ke2 Bf6 25. Rgd1 Rd8 26. Ne5 Bxe5 27. dxe5 Rxd1 28. Rxd1 Ra3 29. Rb1 a5 30. Kd1 Rxa4 31. Kc2 Ra2+ 32. Rb2 Rxb2+ 33. Kxb2 a4 34. g4 Kf8 0-1

[Event "2025 Spring TNM: u1600"]
[Site "San Francisco"]
[Date "2025.04.08"]
[Round "6.35"]
[White "Dunlap, Steven Alan"]
[Black "Blum, Paul"]
[Result "1-0"]
[WhiteElo "913"]
[BlackElo "1016"]
[PlyCount "59"]
[GameId "2165291851912545"]
[EventDate "2025.??.??"]

1. d4 e6 2. c4 d5 3. Nf3 Nf6 4. g3 Bd6 5. c5 Be7 6. Bg2 Nc6 7. Bf4 O-O 8. Nc3 b6 9. Qd3 Nb4 10. Qd1 bxc5 11. O-O cxd4 12. Nxd4 c5 13. Ndb5 Na6 14. Re1 Bd7 15. a3 Qb6 16. e4 Bxb5 17. Nxb5 Qxb5 18. Qc2 Nc7 19. Bxc7 Rac8 20. Bf4 d4 21. Bf1 Qb6 22. e5 Nd5 23. Bd3 Nxf4 24. Bxh7+ Kh8 25. Re4 d3 26. Qd2 Ne2+ 27. Kf1 Kxh7 28. Qxd3 Nd4 29. Rh4+ Kg8 30. Qh7# 1-0

[Event "2025 Spring TNM: Extra Games"]
[Site "San Francisco"]
[Date "2025.04.08"]
[Round "6"]
[White "Zavgorodniy, Andrew"]
[Black "Ivanenko, Anthony Vladimir"]
[Result "1-0"]
[Annotator "Winslow,Elliott"]
[WhiteElo "1969"]
[BlackElo "1901"]
[PlyCount "28"]
[GameId "2165291851912546"]
[EventDate "2025.??.??"]

1. e4 c5 2. Nc3 Nc6 3. d3 g6 4. Be3 d6 5. d4 cxd4 6. Bxd4 Nxd4 7. Qxd4 Nf6 {[#]} 8. e5 $6 (8. Bb5+ Bd7 9. Bxd7+ Qxd7 10. O-O-O Bg7 11. e5 dxe5 12. Qxe5 Qf5 $11 {SF 17.1:(-0.21/32)}) 8... dxe5 9. Qxe5 $6 (9. Bb5+ Bd7 10. Qxe5 a6 $15) 9... Bg7 (9... a6 $5 $17) 10. Bb5+ {[#]} (10. Rd1 $142) 10... Bd7 $4 (10... Kf8 $1 $17 11. Nge2 Qa5) 11. O-O-O $18 Qb8 $2 (11... O-O 12. Bxd7 Nxd7 13. Qb5) 12. Bxd7+ Nxd7 (12... Kf8) 13. Qxg7 Qe5 14. Qxe5 Nxe5 1-0

[Event "2025 Spring TNM: 2000+"]
[Site "San Francisco"]
[Date "2025.04.15"]
[Round "7.2"]
[White "Heiserman, Jimmy"]
[Black "Tsodikova, Natalya"]
[Result "0-1"]
[Annotator "TA"]
[WhiteElo "2303"]
[BlackElo "2169"]
[PlyCount "104"]
[Beauty "6877379315802"]
[GameId "2167480724671795"]
[EventDate "2025.??.??"]

{[%evp 18,104,85,79,99,115,105,94,107,111,103,95,154,73,122,92,109,49,50,59,55,47,43,16,11,16,17,21,19,21,23,28,298,271,462,0,0,-12,20,-291,-292,-295,-290,-268,-266,-436,-435,-612,-617,-611,-440,-445,-436,-441,-438,-432,414,421,400,-442,0,0,0,0,0,-412,-405,-448,-420,-558,-528,-546,-540,-522,-61,-662,-50,-620,-600,-579,-485,-940,-956,-882,-739,-29982,-29983,-29984,-29986]} 1. d4 {[%emt 0:00:04]} Nf6 {[%emt 0:00:11]} 2. c4 {[%emt 0:00:05]} g6 {[%emt 0:00:04]} 3. Nc3 {[%emt 0:00:04]} Bg7 {[%emt 0:00:09]} 4. e4 {[%emt 0:00:08]} d6 {[%emt 0:00:10]} 5. h3 {[%emt 0:00:07]} O-O {[%emt 0:00:24]} 6. Be3 {[%emt 0:00:05]} c5 {[%emt 0:01:17]} 7. d5 {[%emt 0:00:14]} e6 {[%emt 0:01:29]} 8. Bd3 {[%emt 0:01:20]} exd5 {[%emt 0:00:40]} 9. exd5 {[%emt 0:00:05] [#]} Na6 {[%emt 0:02:15]} 10. Nf3 {[%emt 0:02:27]} Nc7 {[%emt 0:01:43][%cal Ob7b5] E90: King's Indian: Classical: Early deviations and 6 h3.} 11. a4 {[%emt 0:07:16]} Na6 {[%emt 0:07:13]} 12. Rc1 {[%emt 0:05:24]} Nb4 {[%emt 0:01:01] White is better.} 13. Bb1 {[%emt 0:00:19]} a6 {[%emt 0:01:01][%cal Ob7b5]} 14. O-O {[%emt 0:00:14]} Bd7 {[%eval 154,28] [%wdl 885,115,0] [%emt 0:01:17]} (14... b5 $142 {[%eval 95,26] [%wdl 449,550,1]}) 15. Bf4 {[%eval 73,29] [%wdl 270,729,1] [%emt 0:01:18]} (15. Qd2 $142 {[%eval 154,28] [%wdl 885,115,0]}) 15... Qc7 {[%eval 122,29] [%wdl 694,306,0] [%emt 0:02:44] [#]} (15... Nh5 $142 {[%eval 73,29] [%wdl 270,729,1]} 16. Bg5 (16. Bxd6 Bxa4 17. Qxa4 Qxd6 $14) 16... f6) 16. Qd2 $146 {[%emt 0:11:34]} ({Predecessor:} 16. Ng5 h6 17. Nge4 Ne8 18. h4 f5 19. Ng3 Nf6 20. Qd2 Ng4 21. Rce1 Rae8 22. b3 Qd8 23. Bxd6 Qxh4 24. Nge2 f4 25. Bxf4 Rxf4 26. Qxf4 Be5 {0-1 (26) Santos Latasa,J (2608)-Yuffa,D (2584) Europe Echecs INT 2021}) 16... b5 {[%emt 0:15:48]} 17. cxb5 {[%eval 49,29] [%wdl 125,872,3] [%emt 0:06:11]} (17. axb5 axb5 18. cxb5 Rfe8 $14) ({Better is} 17. Ng5 $16 {[%eval 109,25] [%wdl 587,413,0]}) 17... axb5 $14 {[%emt 0:00:35]} 18. Ng5 {[%emt 0:08:44]} (18. Nxb5 Bxb5 19. axb5 Qb6 $18) 18... Qb6 {[%emt 0:11:20]} 19. Nce4 {[%emt 0:04:20]} Ne8 {[%emt 0:01:44]} 20. Bxd6 {[%emt 0:00:35] Passed pawn White (d5)} Nxd6 {[%emt 0:01:17]} 21. Nxc5 {[%emt 0:00:06]} Qa5 {[%emt 0:12:32]} 22. Nxd7 {[%emt 0:00:08]} Rfd8 {[%emt 0:00:33]} 23. Nc5 {[%emt 0:00:56]} bxa4 {[%emt 0:01:51][%cal Ob4c6]} 24. Rfd1 {[%emt 0:23:24]} Qb5 $2 {[%eval 298,19] [%wdl 1000,0,0] [%emt 0:10:12][%mdl 8192]} (24... Rac8 $11 {[%eval 28,28] [%wdl 30,968,2]} 25. Nce4 Rxc1 26. Rxc1 h6) 25. Qf4 $1 $18 {[%emt 0:16:08]} Ra7 $2 {[%eval 462,24] [%wdl 1000,0,0] [%emt 0:04:57]} (25... Bh6 {[%eval 271,23] [%wdl 1000,0,0]} 26. Nce4 (26. Qh4 Bxg5 27. Qxg5 Ne8 $16) 26... Bxg5 (26... Nxd5 $2 27. Rxd5 Bxg5 28. Qxg5 $18) 27. Qxg5 Nxe4 28. Bxe4 Rd7) 26. Nce4 $2 {[%eval 0,44] [%wdl 6,987,7] [%emt 0:00:58]} (26. Qh4 $18 {[%eval 462,24] [%wdl 1000,0,0]} h6 27. Nge6 {[%csl Od8][%mdl 64] Discovered Attack}) 26... Nxe4 $11 {[%emt 0:01:05]} 27. Bxe4 {[%emt 0:00:44]} Bxb2 {[%emt 0:02:50][%cal Oa4a3]} 28. Rc7 $2 {[%eval -291,27] [%wdl 0,0,1000] [%emt 0:00:05][%mdl 8192]} (28. Qh4 $1 $11 {[%eval 20,31] [%wdl 14,984,2] and White has nothing to worry.} f6 29. Ne6) 28... Rxc7 $19 {[%emt 0:00:30]} 29. Qxc7 {[%emt 0:00:05]} Rd7 {[%emt 0:01:27]} (29... Nxd5 30. Qxf7+ Kh8 31. Qxh7#) 30. Qc8+ {[%emt 0:00:39]} Kg7 {[%emt 0:00:02][%cal Oa4a3]} 31. Re1 $2 {[%eval -436,21] [%wdl 0,0,1000] [%emt 0:05:14]} (31. h4 {[%eval -266,24] [%wdl 0,0,1000] keeps fighting.}) 31... a3 {[%emt 0:02:21][%cal Oa3a2]} (31... Nxd5 32. Bxd5 Rxd5 33. Nxf7 $19) 32. Bf5 {[%eval -612,23] [%wdl 0,0,1000] [%emt 0:01:38]} (32. h4 $142 {[%eval -435,23] [%wdl 0,0,1000]}) 32... gxf5 {[%emt 0:06:52]} (32... Rxd5 33. Nxf7 Rxf5 34. Nd6 $14) 33. Re8 {[%emt 0:00:04] Rg8+ would now be deadly.} Qxd5 {[%emt 0:00:49]} 34. Rg8+ {[%emt 0:00:11]} Kf6 {[%emt 0:00:42]} 35. Qe8 {[%emt 0:01:32][%cal Rg5h7]} Qd1+ {[%emt 0:02:00]} 36. Kh2 {[%emt 0:00:04][%cal Rg5h7]} Be5+ $4 {[%eval 414,24] [%wdl 1000,0,0] [%emt 0:01:09][%mdl 8192]} (36... Qd6+ $19 {[%eval -410,20] [%wdl 0,0,1000] avoids the disaster.} 37. g3 {[%cal Rg5h7]} Qe7 $1) (36... Qd6+ $19 {[%eval -432,23] [%wdl 0,0,1000]} 37. g3 Qe7) 37. g3 $18 {[%emt 0:00:07]} Bxg3+ {[%emt 0:00:13]} 38. Kg2 $4 {[%eval -442,21] [%wdl 0,0,1000] [%emt 0:02:15][%mdl 8192]} (38. Kxg3 $18 {[%eval 369,25] [%wdl 1000,0,0][%cal Rg5h7] was the only winning move.} Qd6+ {[%eval 616,21] [%wdl 1000,0,0]} (38... Qg1+ $2 {[%eval 560,22] [%wdl 1000,0,0] 38...Rd3+ 3.33} 39. Kh4 $18) (38... Rd3+ $142 {[%eval 385,21] [%wdl 1000,0,0]} 39. f3 Rxf3+ 40. Nxf3 Qd6+ 41. Kg2 a2) 39. f4 $1) (38. Kxg3 $18 {[%eval 400,21] [%wdl 1000,0,0][%cal Rg5h7] is the narrow road to win.} Qd6+ (38... Qg1+ $2 39. Kh4 $18) 39. f4) 38... Re7 $2 {[%eval 0,60] [%wdl 3,994,3] [%emt 0:01:17]} (38... Qd5+ $19 {[%eval -287,22] [%wdl 0,0,1000]} 39. f3 {[%cal Rg5h7]} Re7 40. Nxh7+ Ke6 41. Rg6+ fxg6 42. Qxg6+ {[#]} Kd7 $1 {( -> ...Bh4)} (42... Ke5 $2 {[%eval 0,97] [%wdl 3,994,3] 42...Kd7 -3.20} 43. Qf6+ Kf4 44. Qg5+ Ke5 45. Qf6+ Kf4 {( -> ...Qd2+)} 46. Qh6+ Ke5 {[%cal Oe7h7] ( -> ...Rxh7!)} 47. Qf6+ $11) 43. Nf6+ (43. Kxg3 $2 {[%eval -32745,69] [%wdl 0,0,1000] 43.Nf6+ -3.63} Qe5+ 44. Kh4 Rxh7+ {[%mdl 64] Clearance, Promotion} 45. Qxh7+ Qe7+ 46. Qxe7+ Kxe7 47. Kg5 Ke6 48. Kh4 a2 49. Kg3 a1=Q 50. Kg2 Nd3 51. h4 Qb2+ 52. Kg1 Qf2+ 53. Kh1 Nf4 {[%csl Gf4][%cal Rf2g2]} 54. h5 Qg2#) 43... Kc6 {( -> ...Qd6)} 44. Nxd5+ Kxd5 45. Qxf5+ $2 {[%eval -614,18] [%wdl 0,0,1000]} (45. Qg5 {[%eval -274,21] [%wdl 0,0,1000]} a2 46. Qxe7) 45... Kc4 $19 (45... Be5 $2 {[%eval -58,22] [%wdl 0,919,81] 45...Kc4 -4.06} 46. Qe4+ Kc5 {( -> ...a2)} 47. Qe3+ Kc4 48. Qxa3 $14) 46. Qg4+ (46. Kxg3 a2 $11) 46... Kc3 47. Kxg3 a2 48. Qc8+ Kb2 49. Qh8+ Kc1 (49... Kb1 $2 {[%eval -53,26] [%wdl 0,940,60] 49...Kc1 -7.35} 50. Qc3 $11) 50. Qa1+ Kc2) (38... Qd5+ $19 {[%eval -442,21] [%wdl 0,0,1000]} 39. f3 Re7 40. Nxh7+ Ke6 41. Rg6+ fxg6 42. Qxg6+ Kd7 (42... Ke5 43. Qf6+ Kf4 44. Qg5+ Ke5 45. Qf6+ Kf4 46. Qg5+ Ke5 47. Qf6+ $11) 43. Nf6+ (43. Kxg3 Qe5+ 44. Kh4 Rxh7+ {[%mdl 64] Clearance, Promotion} 45. Qxh7+ Qe7+ 46. Qxe7+ Kxe7 47. Kg5 Ke6 48. Kh4 a2 49. Kg3 a1=Q 50. Kg2 Qa2+ 51. Kg3 Nd3 52. Kh4 Qg2 53. f4 Kf6 54. Kh5 Qxh3#) 43... Kd6 44. Nxd5+ Kxd5 45. Qxf5+ Kc4 (45... Be5 46. Qe4+ Kc5 47. Qe3+ Kb5 48. Qxa3 $14) 46. Kxg3 a2 (46... Rg7+ 47. Kf2 $11) 47. Qc8+ Kb3 48. Qg8+ Kb2) 39. Nxh7+ $11 {[%emt 0:00:16]} Ke6 {[%emt 0:00:01]} 40. Ng5+ {[%emt 0:00:21]} Kd6 {[%emt 0:00:53]} 41. Qb8+ {[%eval -412,20] [%wdl 0,0,1000] [%emt 0:00:51][%mdl 8192]} (41. Nxf7+ $11 {[%eval 0,54] [%wdl 3,994,3] and White is okay.} Rxf7 42. Qxf7) (41. Nxf7+ $11 {[%eval 0,56] [%wdl 3,994,3]} Rxf7 42. Qxf7) 41... Kc5 $19 {[%emt 0:00:42]} 42. Rc8+ {[%emt 0:00:33]} Nc6 {[%emt 0:00:09]} 43. Qxg3 {[%emt 0:00:18]} Qd5+ {[%emt 0:00:32]} 44. Nf3 {[%emt 0:01:16]} a2 {[%emt 0:00:48]} 45. Qg7 {[%emt 0:00:14]} Ra7 $2 {[%eval -61,21] [%wdl 0,906,94] [%emt 0:01:58]} (45... Re6 $19 {[%eval -468,25] [%wdl 0,0,1000] and ...Rg6+ should not be overlooked} 46. Qc3+ {[#]} Kd6 $1) (45... Re6 $19 {[%eval -522,22] [%wdl 0,0,1000] ( -> ...Rg6+)} 46. Qc3+ Kd6) 46. Qa1 $2 {[%eval -662,23] [%wdl 0,0,1000] [%emt 0:00:15][%mdl 8192]} (46. Qc3+ $17 {[%eval -73,21] [%wdl 0,832,168]} Kb6 47. Qb2+ Kc5 48. Qc3+ {[%eval -50,30] [%wdl 0,947,53]} (48. Qc1+ $11 {[%eval -9,39] [%wdl 2,993,5] is more appropriate.} Kb5 49. Qb2+ Nb4 50. Rb8+ Rb7 51. Ra8)) (46. Qc3+ $15 {[%eval -61,21] [%wdl 0,906,94]} Kb5 47. Qb2+ Ka6 48. Rxc6+ Qxc6 49. Qxa2+ Kb6 50. Qb2+ Kc7 51. Qe5+ Qd6 52. Qxf5) 46... Kb6 $2 {[%eval -50,25] [%wdl 0,947,53] [%emt 0:01:00]} ({Black should try} 46... Kd6 $19 {[%eval -778,20] [%wdl 0,0,1000]} 47. Re8 Ra3) (46... Ra5 $19 {[%eval -662,23] [%wdl 0,0,1000]} 47. Re8 Ra3 48. Qc1+ Kb4 49. Qf4+ Kb5) 47. Re8 $2 {[%eval -620,26] [%wdl 0,0,1000] [%emt 0:00:41][%mdl 8192] [#]} (47. Qb2+ $15 {[%eval -69,23] [%wdl 0,860,140]} Ka6 {[%cal Oc6d4]} 48. Rxc6+ $1 Qxc6 49. Qxa2+ Kb6 50. Qb2+ Kc7 51. Qe5+ Qd6 {...Qxe5 is the strong threat.} 52. Qxf5) (47. Qb2+ $15 {[%eval -50,25] [%wdl 0,947,53]} Kc5 48. Qc3+ Kb5 49. Qb2+ Nb4 50. Rb8+ Rb7 51. Ra8) 47... f6 $1 {[%emt 0:00:37][%mdl 512]} 48. Re3 {[%emt 0:00:19]} Qb5 {[%emt 0:01:53]} 49. Nd4 {[%eval -940,17] [%wdl 0,0,1000] [%emt 0:00:27]} (49. Rc3 $142 {[%eval -462,24] [%wdl 0,0,1000]} Rg7+ (49... Qb1 $2 {[%eval 0,69] [%wdl 3,994,3] 49...Ra4 -4.67} 50. Rxc6+ $1 Kxc6 51. Qxf6+ Kd7 52. Qf7+ Kd8 (52... Kd6 $5 53. Qf6+ $8 Kc5 54. Qd4+ Kb5 55. Qxa7 a1=Q 56. Qb7+ Ka5 57. Qa7+ Kb4 58. Qe7+ Ka4 59. Qa7+ Kb5 $11) 53. Qf8+ $1 Kd7 54. Qf7+ $1 Kd6 (54... Kd8 $5 55. Qf8+ $8 Kc7 56. Qe7+ Kc8 57. Qe8+ Kc7 58. Qe7+ $11) 55. Qf6+ $1 Kc7 56. Qf7+ Kd6 (56... Kb6 $5 57. Qe6+ $8 Kc7 58. Qe7+ Kc6 59. Qe6+ Kb7 60. Qd7+ Ka6 61. Qa4+ Kb6 62. Qd4+ Kc6 63. Qf6+ Kd7 64. Ne5+ Kc7 65. Qe7+ Kb6 66. Qd6+ Ka5 67. Qc5+ Ka6 68. Qc4+ Kb7 69. Qc6+ Kb8 70. Qe8+ Kb7 71. Qc6+ $11) 57. Qf6+ $1 Kd5 58. Qd4+ Kc6 59. Qc4+ Kb7 (59... Kd6 $5 60. Qd4+ $8 Kc6 61. Qf6+ Kb7 62. Qf7+ Kc6 63. Qf6+ $11) 60. Qf7+ Kb6 61. Qe6+ Kc5 (61... Ka5 $5 62. Qd5+ $8 Qb5 63. Qxa2+ Kb6 64. Qe6+ Ka5 $14) 62. Qe3+ Kd6 {( -> ...Rg7+)} (62... Kc6 $5 63. Qe6+ $8 Kc7 64. Qe7+ Kc8 65. Qe8+ Kc7 66. Qe7+ $11) 63. Qd4+ Kc6 64. Qf6+ Kd7 65. Ne5+ Kc8 66. Qe6+ Kd8 67. Qd6+ Kc8 68. Qe6+ $1 Kd8 69. Qd6+ Kc8 70. Qe6+ $1 $11) 50. Kh2) (49. Re1 $142 {[%eval -485,23] [%wdl 0,0,1000]} Ra3 50. Qxf6) 49... Qd5+ {[%emt 0:00:23]} 50. Nf3 {[%emt 0:00:04]} Ne5 {[%emt 0:00:41]} 51. Rc3 {[%emt 0:01:56]} Rg7+ {[%emt 0:00:52]} 52. Kh1 {[%emt 0:00:33]} {A fantastic game!   Weighted Error Value: White=1.12/Black=0.80} Nxf3 {[%emt 0:01:58]} 0-1

[Event "2025 Spring TNM: 2000+"]
[Site "San Francisco"]
[Date "2025.04.15"]
[Round "7.3"]
[White "Dzhanhirov, Dmytro"]
[Black "Bayaraa, Chinguun"]
[Result "1/2-1/2"]
[Annotator "TA"]
[WhiteElo "2235"]
[BlackElo "2161"]
[PlyCount "64"]
[Beauty "6597069766662"]
[GameId "2167480724671796"]
[EventDate "2025.??.??"]

{[%evp 9,64,-26,0,0,0,-21,-6,-6,-5,-6,-7,-12,-7,-13,-10,-17,-8,-19,-21,-20,10,12,6,0,6,0,7,0,0,0,4,0,0,0,10,1,6,0,0,0,0,0,12,11,9,0,0,0,0,0,0,0,0,0,0,0,10]} 1. e4 {[%emt 0:00:03]} c5 {[%emt 0:00:13]} 2. b3 {[%emt 0:00:23]} Nc6 {[%emt 0:01:33]} 3. Nf3 {[%emt 0:00:07][%cal Bg1f3,Bf3d2,Bd2f1,Bf1e3][%mdl 32]} e5 {[%emt 0:00:25]} 4. Bb2 {[%emt 0:01:02]} d6 {[%emt 0:00:20]} 5. Bc4 {[%emt 0:00:12]} Be6 {[%emt 0:00:31]} 6. d3 {[%emt 0:01:09] The position is equal. B50: Sicilian: 2...d6, Miscellaneous.} Be7 {[%emt 0:02:17]} 7. Nc3 {[%emt 0:00:19] [#]} Nf6 $146 {[%emt 0:00:59]} (7... h6 8. Nd2 Nf6 9. Nf1 a6 10. a4 d5 11. exd5 Nxd5 12. Nxd5 Bxd5 13. Ne3 Bxc4 14. bxc4 Qd7 15. O-O O-O 16. Rb1 Bg5 17. Nd5 {Threatens to win with Nb6.} Rae8 18. Ba3 Be7 19. c3 Bd6 20. Re1 Re6 21. Bc1 Rg6 22. f3 {[%eval -36,32] [%wdl 1,956,43]} (22. g3 $11 {[%eval 0,42] [%wdl 8,985,7] feels stronger.}) 22... Ne7 23. Be3 $2 {[%eval -330,20] [%wdl 0,0,1000][%mdl 8192]} ({Better is} 23. Kh1 $15 {[%eval -37,29] [%wdl 1,954,45]}) 23... Nxd5 $19 24. cxd5 Qh3 {[%csl Gg6][%cal Rh3g2]} 25. Rb2 {[%eval -416,20] [%wdl 0,0,1000]} (25. Qd2 {[%eval -291,22] [%wdl 0,0,1000] was called for.} e4 26. f4 exd3 27. c4) 25... e4 $1 $19 26. f4 exd3 27. Qxd3 Bxf4 28. Kf1 Qxh2 29. Bxf4 {[%eval -849,24] [%wdl 0,0,1000]} (29. Bg1 $142 {[%eval -490,23] [%wdl 0,0,1000]} Qh4 30. Re4) 29... Qxf4+ {[%eval -392,22] [%wdl 0,0,1000]} (29... Qh1+ $142 {[%eval -849,24] [%wdl 0,0,1000]} 30. Ke2 Re8+ 31. Be3 Qxg2+ 32. Kd1 Qxb2) 30. Rf2 Qxa4 31. Re7 c4 32. Qd4 Qa3 33. Rfe2 Rf6+ 34. Kg1 Qc1+ 35. Re1 Qf4 $4 {[%eval 426,25] [%wdl 1000,0,0][%mdl 8192]} (35... Qc2 $19 {[%eval -358,25] [%wdl 0,0,1000] and life is good for Black. Hoping for ...b5.} 36. d6 Rg6) 36. Qxf4 $18 Rxf4 37. d6 $1 {Nepomniachtchi,I (2784)-Fedoseev,V (2678) Chess.com INT 2020 ½-½}) (7... h6 8. Nd2 Nf6 9. Nf1 a6 10. a4 d5 11. exd5 Nxd5 12. Nxd5 Bxd5 13. Ne3 Bxc4 14. bxc4 {½-½ (39) Nepomniachtchi,I (2784)-Fedoseev,V (2678) Chess.com INT 2020}) 8. Nd2 {[%emt 0:00:45]} O-O {[%emt 0:00:35]} 9. Nf1 {[%emt 0:00:08]} d5 {[%emt 0:01:40]} 10. exd5 {[%emt 0:00:23]} Nxd5 {[%emt 0:00:22]} 11. Nxd5 {[%emt 0:00:40]} Bxd5 {[%emt 0:00:06]} 12. Ne3 {[%emt 0:00:59]} Bxc4 {[%emt 0:01:14]} 13. bxc4 {[%emt 0:02:04]} Qa5+ {[%emt 0:02:28]} 14. Qd2 {[%emt 0:16:40] [#]} Qxd2+ {[%emt 0:05:59]} 15. Kxd2 {[%emt 0:00:33]} Bg5 {[%emt 0:00:05][%cal Oe5e4]} 16. h4 {[%emt 0:06:29]} Bxe3+ {[%emt 0:00:51]} 17. Kxe3 {[%emt 0:01:14]} Rad8 {[%emt 0:01:08]} 18. Rad1 {[%emt 0:11:25]} f5 {[%emt 0:01:54]} 19. Bc3 {[%emt 0:06:32]} Rfe8 {[%emt 0:00:28]} 20. f3 {[%emt 0:02:09]} Nd4 {[%emt 0:02:20]} 21. Bxd4 {[%emt 0:03:14]} cxd4+ $11 {[%emt 0:00:48][%mdl 4096] Endgame KRR-KRR} 22. Kd2 {[%emt 0:05:03]} e4 {[%emt 0:00:08]} 23. Rb1 {[%emt 0:03:23]} b6 {[%emt 0:02:26]} 24. Rb5 {[%emt 0:04:17]} g6 {[%emt 0:00:22]} 25. h5 {[%emt 0:03:18]} exf3 {[%emt 0:00:18]} ({Resist} 25... e3+ 26. Ke2 $17) 26. gxf3 {[%emt 0:00:29]} Re3 {[%emt 0:00:12]} 27. hxg6 {[%emt 0:00:23]} hxg6 {[%emt 0:00:08]} 28. Rf1 {[%emt 0:02:24]} Kf7 {[%emt 0:03:46]} 29. f4 {[%emt 0:03:19]} Kf6 {[%emt 0:06:24]} 30. a4 {[%emt 0:01:59][%cal Ba2a4,Ba4a5][%mdl 32]} Rd6 {[%emt 0:01:37]} 31. a5 {[%emt 0:03:10]} Rh3 {[%emt 0:01:18]} 32. Rf2 {[%emt 0:02:37]} {Not much happened in this game.   Weighted Error Value: White=0.03 (flawless) /Black=0.04 (flawless)} Rh4 {[%emt 0:01:34]} 1/2-1/2

[Event "2025 Spring TNM: 2000+"]
[Site "San Francisco"]
[Date "2025.04.15"]
[Round "7.4"]
[White "Seshadri, Sudarshan"]
[Black "Srinivasan, Sivavishnu"]
[Result "0-1"]
[Annotator "TA"]
[WhiteElo "2018"]
[BlackElo "2066"]
[PlyCount "70"]
[Beauty "7974277876743"]
[GameId "2167480724671797"]
[EventDate "2025.??.??"]

{[%evp 9,70,-9,-1,-24,17,-18,-18,-18,-11,-16,-12,-29,-17,-18,-17,-21,-11,-29,-24,-30,-32,-50,-32,-45,-44,-47,-44,-78,-83,-125,-115,-136,-146,-226,-228,-274,-265,-254,-263,-249,-249,-284,-309,-292,-281,-290,-263,-228,-167,-377,-365,-617,-440,-512,-465,-558,-471,-752,-751,-733,-693,-29985,-29984]} 1. d4 {[%emt 0:00:03]} Nf6 {[%emt 0:01:20]} 2. Nc3 {[%emt 0:00:05]} d5 {[%emt 0:00:03]} 3. Bf4 {[%emt 0:00:06]} c5 {[%emt 0:00:02]} 4. e3 {[%emt 0:00:10]} cxd4 {[%emt 0:00:05]} 5. exd4 {[%emt 0:00:06]} Bg4 {[%emt 0:00:05]} 6. Nf3 {[%emt 0:03:32] B13: Caro-Kann: Exchange Variation and Panov-Botvinnik Attack.} a6 {[%eval 17,32] [%wdl 43,945,12] [%emt 0:01:28] Against Nb5} (6... Nc6 {[%eval -24,33] [%wdl 9,936,55] might be stronger.}) 7. Be2 {[%emt 0:02:54]} e6 {[%emt 0:00:21]} 8. O-O {[%emt 0:02:27] The position is equal.} Bd6 {[%emt 0:00:47]} 9. Ne5 {[%emt 0:02:15]} Bxe2 {[%emt 0:01:04]} 10. Qxe2 {[%emt 0:00:15]} O-O {[%emt 0:00:56]} 11. Bg5 $146 {[%emt 0:03:44]} (11. Rfe1 Nc6 12. Rad1 Ne7 13. Qf3 Ng6 14. Nxg6 hxg6 15. Qg3 Nh5 16. Qe3 Bxf4 17. Qf3 {0-1 (61) Thuemler,F (1214)-Ellert,O (1620) Playchess.com INT 2020}) 11... h6 {[%emt 0:02:25]} 12. Bh4 {[%emt 0:00:25]} Be7 {[%emt 0:01:08]} 13. Rfd1 {[%emt 0:04:38]} (13. Rad1 $5 {[%cal Rf2f4]}) 13... Nbd7 {[%emt 0:01:38]} 14. Nxd7 {[%emt 0:01:54]} Qxd7 {[%emt 0:00:40]} 15. Qd3 {[%emt 0:03:26]} b5 {[%emt 0:00:53]} 16. Ne2 {[%emt 0:01:52]} Ne4 {[%emt 0:01:17]} 17. Bxe7 {[%emt 0:00:39]} Qxe7 {[%emt 0:00:08]} 18. Ng3 {[%emt 0:02:25] Space Advantage Black} {Black continues to play with concentration.} Nd6 {[%emt 0:01:06] Black is more active.} 19. b3 {[%eval -125,31] [%wdl 0,209,791] [%emt 0:09:01]} (19. a3 $142 {[%eval -83,31] [%wdl 0,716,284]}) 19... Rfc8 $17 {[%emt 0:00:42]} 20. a4 {[%emt 0:00:30]} b4 {[%emt 0:01:28]} 21. Rac1 {[%eval -226,24] [%wdl 0,1,999] [%emt 0:01:18]} (21. Ne2 $17 {[%eval -146,30] [%wdl 0,79,921]}) 21... Rc3 $19 {[%emt 0:00:35]} 22. Qd2 {[%emt 0:02:33]} Rac8 {[%emt 0:01:04]} 23. f3 {[%emt 0:02:47]} Qc7 {[%emt 0:01:05][%cal Rc3c2]} 24. Ne2 {[%emt 0:00:43]} Rxc2 {[%emt 0:01:43]} 25. Qxb4 {[%emt 0:00:15]} a5 {[%emt 0:00:51]} 26. Qe1 {[%emt 0:06:49]} Qb6 {[%emt 0:02:16]} 27. Rxc2 {[%emt 0:06:03]} Rxc2 {[%emt 0:00:02]} 28. Rd3 {[%emt 0:00:28]} e5 {[%emt 0:05:37]} 29. Kh1 $2 {[%eval -377,23] [%wdl 0,0,1000] [%emt 0:05:46] [#]} (29. Ng3 {[%eval -167,26] [%wdl 0,20,980]} exd4 30. h3) 29... e4 {[%emt 0:06:06]} 30. Rc3 {[%eval -617,22] [%wdl 0,0,1000] [%emt 0:00:40]} (30. fxe4 {[%eval -365,24] [%wdl 0,0,1000]} Nxe4 31. Re3) 30... Rb2 {[%emt 0:01:05]} 31. Qd1 {[%emt 0:11:21]} Qb4 {[%emt 0:01:00][%cal Ob2e2] Threatens to win with ...Rxe2!.} 32. Rc6 {[%emt 0:01:43]} Rxb3 {[%emt 0:01:08]} (32... Qxb3 $2 33. Qxb3 Rxb3 34. Rxd6 $18) 33. Rxd6 {[%eval -752,22] [%wdl 0,0,1000] [%emt 0:00:39]} (33. Ng1 $142 {[%eval -471,26] [%wdl 0,0,1000]} Rb2 (33... Qxa4 $2 {is the wrong capture.} 34. Rxd6 Qc4 35. Rd8+ Kh7 36. fxe4 $18) 34. Rc2) 33... Rb1 {[%emt 0:00:05][%mdl 64] [#] Pin} 34. Rd8+ {[%emt 0:00:04]} Kh7 {[%emt 0:00:04]} 35. Nc1 {[%emt 0:00:05]} {Weighted Error Value: White=0.67/Black=0.17 (very precise)} Qc3 {[%emt 0:00:17] Repels Rc8} 0-1